[Event "DSJ Weihnachtsturnier U16: Lasker 2020"]
[Site ""]
[Date "2020.12.28"]
[Round "6"]
[White "Wu, Luka"]
[Black "von Krosigk, Florian"]
[Result "0-1"]
[Termination "normal"]
[Board "1.3"]
[WhiteElo "2065"]
[BlackElo "1941"]
[WhiteTeam "OSG Baden-Baden"]
[BlackTeam "Hamburger SK von 1830"]
[PlyCount "134"]
[WhiteFideId "12977420"]
[BlackFideId "16227808"]
[EventRounds "7"]
[EventType "team-swiss"]
[EventDate "2020.12.28"]

1. e4 {[%emt 0:00:08] HSK03-003 reconnected.} e5 {[%emt 0:00:11]} 2. Nf3 {
[%emt 0:00:03]} Nc6 {[%emt 0:00:02]} 3. Bb5 {[%emt 0:00:01]} a6 {[%emt 0:00:02]
} 4. Ba4 {[%emt 0:00:00]} Nf6 {[%emt 0:00:04]} 5. O-O {[%emt 0:00:02]} b5 {
[%emt 0:00:14]} 6. Bb3 {[%emt 0:00:03]} Be7 {[%emt 0:00:01]} 7. Re1 {[%emt
0:00:02]} d6 {[%emt 0:00:03]} 8. c3 {[%emt 0:00:02]} O-O {[%emt 0:00:09]} 9. h3
{ [%emt 0:00:01]} Nb8 {[%emt 0:00:03]} 10. d4 {[%emt 0:00:02]} Nbd7 {[%emt
0:00:00]} 11. Nbd2 {[%emt 0:00:07]} Bb7 {[%emt 0:00:05]} 12. Bc2 {[%emt
0:00:04]} c5 {[%emt 0:00:03]} 13. Nf1 {[%emt 0:00:14]} Re8 {[%emt 0:00:07]} 14.
a4 {[%emt 0:00:03]} Bf8 {[%emt 0:00:34]} 15. Ng3 {[%emt 0:00:02]} h6 {[%emt
0:00:06]} 16. b3 {[%emt 0:00:54]} Rc8 {[%emt 0:00:28]} 17. axb5 {[%emt
0:01:18]} axb5 { [%emt 0:00:00]} 18. Qe2 {[%emt 0:00:17]} Ba8 {[%emt 0:00:47]}
19. Bd3 {[%emt 0:00:50]} cxd4 {[%emt 0:00:38]} 20. cxd4 {[%emt 0:00:07]} b4
{[%emt 0:00:16]} 21. Bd2 {[%emt 0:00:36]} exd4 {[%emt 0:00:36]} 22. Nxd4 {[%emt
0:00:04]} d5 { [%emt 0:00:03]} 23. Qf3 {[%emt 0:01:28]} Ne5 {[%emt 0:00:31]}
24. Qe3 {[%emt 0:00:43]} Nxd3 {[%emt 0:00:12]} 25. Qxd3 {[%emt 0:00:03]} dxe4
{[%emt 0:00:01]} 26. Qe3 {[%emt 0:00:31]} Nd5 {[%emt 0:00:22]} 27. Qe2 {[%emt
0:00:27]} e3 { [%emt 0:01:17]} 28. Bxe3 {[%emt 0:00:25]} Nf4 {[%emt 0:00:34]}
29. Qg4 { [%emt 0:00:38]} Nxg2 {[%emt 0:00:18]} 30. Rxa8 {[%emt 0:00:25]} Nxe1
{[%emt 0:00:50]} 31. Ra2 {[%emt 0:00:24]} Nd3 {[%emt 0:00:26]} 32. Ngf5 {[%emt
0:00:23]} Kh7 {[%emt 0:00:31]} 33. Rd2 {[%emt 0:00:03]} Ne5 {[%emt 0:00:04]}
34. Qg3 { [%emt 0:00:04]} Qd5 {[%emt 0:00:20]} 35. Rd1 {[%emt 0:00:09]} Red8
{[%emt 0:00:19]} 36. Qg2 {[%emt 0:00:11]} Nf3+ {[%emt 0:00:25]} 37. Kf1 {[%emt
0:00:09]} Nxd4 {[%emt 0:00:15]} 38. Qxd5 {[%emt 0:00:06] HSK03-003
reconnected.} Rxd5 { [%emt 0:00:11]} 39. Nxd4 {[%emt 0:00:00]} Bc5 {[%emt
0:00:02]} 40. Kg2 { [%emt 0:00:04]} Bxd4 {[%emt 0:00:01]} 41. Rxd4 {[%emt
0:00:01]} Rxd4 {[%emt 0:00:01]} 42. Bxd4 {[%emt 0:00:00]} Rd8 {[%emt 0:00:01]}
43. Bc5 {[%emt 0:00:01]} Rd3 {[%emt 0:00:00]} 44. Bxb4 {[%emt 0:00:01]} Rxb3
{[%emt 0:00:00]} 45. Bc5 { [%emt 0:00:00]} g5 {[%emt 0:00:01]} 46. Be3 {[%emt
0:00:01]} Kg6 {[%emt 0:00:00]} 47. Bd4 {[%emt 0:00:05]} f5 {[%emt 0:00:00]} 48.
Be5 {[%emt 0:00:01]} f4 { [%emt 0:00:01]} 49. Bd4 {[%emt 0:00:01]} Kf5 {[%emt
0:00:01]} 50. Bc5 {[%emt 0:00:01]} h5 {[%emt 0:00:00]} 51. Bd6 {[%emt 0:00:02]}
g4 {[%emt 0:00:01]} 52. hxg4+ {[%emt 0:00:01]} Kxg4 {[%emt 0:00:02]} 53. Be7
{[%emt 0:00:02]} h4 { [%emt 0:00:01]} 54. Bd6 {[%emt 0:00:01]} h3+ {[%emt
0:00:09]} 55. Kh2 {[%emt 0:00:01] HSK03-003 reconnected.} Kf3 {[%emt 0:00:07]}
56. Bc5 {[%emt 0:00:01]} Rb2 {[%emt 0:00:05]} 57. Kxh3 {[%emt 0:00:01]} Rxf2
{[%emt 0:00:04]} 58. Kh4 { [%emt 0:00:13] HSK03-003 reconnected.} Rg2 {[%emt
0:00:11]} 59. Bd4 {[%emt 0:00:02]} Rh2+ {[%emt 0:00:01]} 60. Kg5 {[%emt
0:00:01]} Ke4 {[%emt 0:00:00]} 61. Bg1 {[%emt 0:00:02]} f3 {[%emt 0:00:00]} 62.
Bxh2 {[%emt 0:00:01]} f2 {[%emt 0:00:00]} 63. Kg4 {[%emt 0:00:02]} f1=Q {[%emt
0:00:00]} 64. Bg3 {[%emt 0:00:01]} Qf3+ {[%emt 0:00:00]} 65. Kh4 {[%emt
0:00:01]} Qf5 {[%emt 0:00:00]} 66. Bh2 { [%emt 0:00:06]} Kf3 {[%emt 0:00:00]}
67. Bg3 {[%emt 0:00:04] HSK03-003 reconnected.} Qg4# {[%emt 0:00:12]} 0-1

[Event "DSJ Weihnachtsturnier U16: Lasker 2020"]
[Site ""]
[Date "2020.12.28"]
[Round "6"]
[White "Huo, Da"]
[Black "Wu, Leon"]
[Result "0-1"]
[Termination "normal"]
[Board "1.4"]
[WhiteElo "1918"]
[BlackElo "1981"]
[WhiteTeam "Hamburger SK von 1830"]
[BlackTeam "OSG Baden-Baden"]
[PlyCount "124"]
[WhiteFideId "16221206"]
[BlackFideId "12977438"]
[EventRounds "7"]
[EventType "team-swiss"]
[EventDate "2020.12.28"]

1. e4 {[%emt 0:00:25]} c5 {[%emt 0:00:13]} 2. Nf3 {[%emt 0:00:02]} d6 {[%emt
0:00:01]} 3. d4 {[%emt 0:00:01]} cxd4 {[%emt 0:00:00]} 4. Nxd4 {[%emt 0:00:01]}
Nf6 {[%emt 0:00:01]} 5. Nc3 {[%emt 0:00:02]} g6 {[%emt 0:00:01]} 6. Be3 {[%emt
0:00:05]} Bg7 {[%emt 0:00:02]} 7. f3 {[%emt 0:00:01]} O-O {[%emt 0:00:03]} 8.
Qd2 {[%emt 0:00:01]} Nc6 {[%emt 0:00:04]} 9. g4 {[%emt 0:00:04]} Bd7 {[%emt
0:01:38]} 10. h4 {[%emt 0:00:15]} h5 {[%emt 0:00:03]} 11. gxh5 {[%emt 0:00:08]}
Nxh5 {[%emt 0:00:02]} 12. O-O-O {[%emt 0:00:06]} Rb8 { [%emt 0:00:16]} 13. Bh3
{[%emt 0:00:09]} Ne5 {[%emt 0:00:30]} 14. Bxd7 { [%emt 0:00:05]} Qxd7 {[%emt
0:00:03]} 15. Kb1 {[%emt 0:00:58]} Nc4 {[%emt 0:00:03]} 16. Qd3 {[%emt
0:00:02]} Nxe3 {[%emt 0:00:04]} 17. Qxe3 {[%emt 0:00:00]} b5 {[%emt 0:00:08]}
18. f4 {[%emt 0:00:21]} b4 {[%emt 0:00:16]} 19. Nce2 { [%emt 0:00:02]} e5
{[%emt 0:00:34]} 20. fxe5 {[%emt 0:00:03]} Bxe5 {[%emt 0:00:00]} 21. Nf3 {[%emt
0:00:02]} Bg7 {[%emt 0:00:02]} 22. e5 {[%emt 0:00:05]} Rfe8 {[%emt 0:00:03]}
23. Qg5 {[%emt 0:00:32]} Rb6 {[%emt 0:00:23]} 24. Ng3 { [%emt 0:00:36]} Nxg3
{[%emt 0:02:29]} 25. Qxg3 {[%emt 0:00:03]} Qf5 {[%emt 0:00:53]} 26. exd6 {[%emt
0:01:01]} Qf6 {[%emt 0:00:03]} 27. Nd4 {[%emt 0:01:28]} Rxd6 {[%emt 0:00:10]}
28. c3 {[%emt 0:00:15]} bxc3 {[%emt 0:00:03]} 29. bxc3 { [%emt 0:00:00]} Rb8+
{[%emt 0:00:04]} 30. Kc2 {[%emt 0:00:10]} Rdb6 {[%emt 0:00:24]} 31. Rb1 {[%emt
0:00:13]} Qe7 {[%emt 0:00:23]} 32. Rxb6 {[%emt 0:00:11]} Rxb6 {[%emt 0:00:02]}
33. Re1 {[%emt 0:00:08]} Qd7 {[%emt 0:00:05]} 34. Qe3 { [%emt 0:00:13]} Qa4+
{[%emt 0:00:29]} 35. Nb3 {[%emt 0:00:28]} Qxa2+ {[%emt 0:00:03]} 36. Kd3 {[%emt
0:00:08]} Qxb3 {[%emt 0:00:04]} 37. Qe8+ {[%emt 0:00:02] } Bf8 {[%emt 0:00:01]}
38. Re7 {[%emt 0:00:24]} Rd6+ {[%emt 0:00:05]} 39. Ke4 { [%emt 0:00:01]} Qd5+
{[%emt 0:00:03]} 40. Ke3 {[%emt 0:00:06]} Re6+ {[%emt 0:00:02]} 41. Rxe6 {[%emt
0:00:03]} Qxe6+ {[%emt 0:00:00]} 42. Qxe6 {[%emt 0:00:01]} fxe6 {[%emt
0:00:00]} 43. Ke4 {[%emt 0:00:01]} Kf7 {[%emt 0:00:01]} 44. Ke5 {[%emt
0:00:02]} Bg7+ {[%emt 0:00:02]} 45. Ke4 {[%emt 0:00:01]} Bxc3 { [%emt 0:00:00]}
46. h5 {[%emt 0:00:01]} gxh5 {[%emt 0:00:01]} 47. Kf3 {[%emt 0:00:00]} h4
{[%emt 0:00:01]} 48. Ke2 {[%emt 0:00:02]} a5 {[%emt 0:00:00]} 49. Ke3 {[%emt
0:00:03]} h3 {[%emt 0:00:00]} 50. Kf2 {[%emt 0:00:01]} a4 {[%emt 0:00:00]} 51.
Kf1 {[%emt 0:00:10]} a3 {[%emt 0:00:00]} 52. Ke2 {[%emt 0:00:01]} a2 {[%emt
0:00:00]} 53. Kd3 {[%emt 0:00:02]} a1=Q {[%emt 0:00:02]} 54. Kc2 { [%emt
0:00:00]} h2 {[%emt 0:00:02]} 55. Kd3 {[%emt 0:00:00]} h1=Q {[%emt 0:00:02]}
56. Kc2 {[%emt 0:00:00]} e5 {[%emt 0:00:02]} 57. Kd3 {[%emt 0:00:02]} e4+
{[%emt 0:00:01]} 58. Kc2 {[%emt 0:00:04]} e3 {[%emt 0:00:01]} 59. Kd3 {[%emt
0:00:03]} e2 {[%emt 0:00:01]} 60. Kc2 {[%emt 0:00:03]} e1=Q {[%emt 0:00:05]}
61. Kb3 {[%emt 0:00:01]} Qeb1+ {[%emt 0:00:03]} 62. Kc4 {[%emt 0:00:02]} Qc6# {
[%emt 0:00:01]} 0-1

[Event "DSJ Weihnachtsturnier U16: Lasker 2020"]
[Site ""]
[Date "2020.12.28"]
[Round "6"]
[White "Klugstedt, Vincent"]
[Black "Ohler, Julius"]
[Result "0-1"]
[Termination "normal"]
[Board "2.2"]
[WhiteElo "1928"]
[BlackElo "2010"]
[WhiteTeam "Schachgesellschaft Bochum 1931"]
[BlackTeam "SC ML Kastellaun"]
[PlyCount "62"]
[WhiteFideId "16216393"]
[BlackFideId "16238982"]
[EventRounds "7"]
[EventType "team-swiss"]
[EventDate "2020.12.28"]

1. d4 {[%emt 0:00:05]} Nf6 {[%emt 0:00:03]} 2. c4 {[%emt 0:00:03]} e6 {[%emt
0:00:08]} 3. Nc3 {[%emt 0:00:02]} Bb4 {[%emt 0:00:06]} 4. Qc2 {[%emt 0:00:01]}
d5 {[%emt 0:00:05]} 5. cxd5 {[%emt 0:00:03]} exd5 {[%emt 0:00:04]} 6. Bg5 {
[%emt 0:00:06]} O-O {[%emt 0:00:03]} 7. Nf3 {[%emt 0:00:01]} c6 {[%emt 0:00:01]
} 8. e3 {[%emt 0:00:01]} h6 {[%emt 0:00:01]} 9. Bh4 {[%emt 0:00:02]} Bg4 {
[%emt 0:00:02]} 10. Ne5 {[%emt 0:00:04]} Be6 {[%emt 0:00:04]} 11. Bd3 {[%emt
0:00:02]} Nbd7 {[%emt 0:00:02]} 12. Nxd7 {[%emt 0:00:02]} Qxd7 {[%emt 0:00:02]}
13. O-O {[%emt 0:00:01]} Bd6 {[%emt 0:00:13]} 14. Bxf6 {[%emt 0:00:05]} gxf6 {
[%emt 0:00:02]} 15. f4 {[%emt 0:00:02]} f5 {[%emt 0:00:12]} 16. Ne2 {[%emt
0:00:11]} Kh8 {[%emt 0:00:02]} 17. Ng3 {[%emt 0:00:02]} Rg8 {[%emt 0:00:08]}
18. Nxf5 {[%emt 0:00:03]} Bxf5 {[%emt 0:00:01]} 19. Bxf5 {[%emt 0:00:01]} Qe7 {
[%emt 0:00:01]} 20. Qd3 {[%emt 0:00:04]} Rg7 {[%emt 0:00:02]} 21. Rf3 {[%emt
0:00:04]} Rag8 {[%emt 0:00:01]} 22. g3 {[%emt 0:00:03]} c5 {[%emt 0:00:20]} 23.
dxc5 {[%emt 0:00:05]} Bxc5 {[%emt 0:00:02]} 24. Qxd5 {[%emt 0:00:01]} Bxe3+ {
[%emt 0:00:01]} 25. Kg2 {[%emt 0:00:02]} Rd8 {[%emt 0:00:03]} 26. Qb3 {[%emt
0:00:12]} Rd2+ {[%emt 0:00:04]} 27. Kh3 {[%emt 0:00:05]} Bb6 {[%emt 0:00:07]}
28. Qc3 {[%emt 0:00:07]} Qe2 {[%emt 0:00:12]} 29. Kh4 {[%emt 0:01:08]} Qxh2+ {
[%emt 0:00:05]} 30. Bh3 {[%emt 0:00:02]} Bd8+ {[%emt 0:00:06]} 31. Kh5 { [%emt
0:00:14]} Qxh3# {[%emt 0:00:03]} 0-1

[Event "DSJ Weihnachtsturnier U16: Lasker 2020"]
[Site ""]
[Date "2020.12.28"]
[Round "6"]
[White "Hoffmann, Tom"]
[Black "Gluma, Christian"]
[Result "1-0"]
[Termination "normal"]
[Board "2.3"]
[WhiteElo "1296"]
[BlackElo "1864"]
[WhiteTeam "SC ML Kastellaun"]
[BlackTeam "Schachgesellschaft Bochum 1931"]
[PlyCount "75"]
[WhiteFideId "16288726"]
[BlackFideId "16223209"]
[EventRounds "7"]
[EventType "team-swiss"]
[EventDate "2020.12.28"]

1. Nf3 {[%emt 0:00:24]} g6 {[%emt 0:00:00]} 2. g3 {[%emt 0:00:10]} Bg7 { [%emt
0:00:03]} 3. d4 {[%emt 0:00:27]} Nf6 {[%emt 0:00:04]} 4. Bg2 {[%emt 0:00:04]}
O-O {[%emt 0:00:10]} 5. O-O {[%emt 0:00:07]} d5 {[%emt 0:00:04]} 6. c4 { [%emt
0:00:13]} c6 {[%emt 0:00:04]} 7. Nbd2 {[%emt 0:00:20]} Bg4 {[%emt 0:00:04]} 8.
b3 {[%emt 0:00:12]} Nbd7 {[%emt 0:00:04]} 9. Bb2 {[%emt 0:00:18]} Nb6 { [%emt
0:00:03]} 10. Ne5 {[%emt 0:00:10]} Be6 {[%emt 0:00:04]} 11. c5 {[%emt 0:00:23]}
Nbd7 {[%emt 0:00:04]} 12. Nd3 {[%emt 0:00:08]} Bf5 {[%emt 0:00:05]} 13. Nf3
{[%emt 0:00:11]} Ne4 {[%emt 0:00:08]} 14. Nh4 {[%emt 0:01:01]} e6 {[%emt
0:00:07]} 15. Nxf5 {[%emt 0:00:05]} exf5 {[%emt 0:00:00]} 16. Rc1 {[%emt
0:00:26] } Re8 {[%emt 0:00:06]} 17. e3 {[%emt 0:00:06]} Qa5 {[%emt 0:00:09]}
18. a4 { [%emt 0:00:16]} Re7 {[%emt 0:00:09]} 19. b4 {[%emt 0:00:09]} Qc7
{[%emt 0:00:03]} 20. b5 {[%emt 0:00:29]} a6 {[%emt 0:00:06]} 21. b6 {[%emt
0:00:11]} Qd8 { [%emt 0:00:03]} 22. Re1 {[%emt 0:00:06]} Qe8 {[%emt 0:00:02]}
23. a5 {[%emt 0:00:14]} Rd8 {[%emt 0:00:05] Kastell2-003 bietet Remis} 24. Qb3
{[%emt 0:00:37]} Re6 {[%emt 0:00:11]} 25. Nf4 {[%emt 0:00:08]} Re7 {[%emt
0:00:02]} 26. Ba3 { [%emt 0:00:10]} Ndf6 {[%emt 0:00:02]} 27. Bb4 {[%emt
0:00:09]} Qd7 {[%emt 0:00:02]} 28. Ba3 {[%emt 0:00:12]} Rde8 {[%emt 0:00:15]}
29. Bb4 {[%emt 0:00:06]} Bh6 {[%emt 0:00:05]} 30. f3 {[%emt 0:00:11]} Ng5
{[%emt 0:00:04]} 31. Bd2 { [%emt 0:00:03]} Ne6 {[%emt 0:00:02]} 32. Nh3 {[%emt
0:00:13]} Ng5 {[%emt 0:00:21]} 33. Nf2 {[%emt 0:00:11] Kastell2-003 bietet
Remis} Qe6 {[%emt 0:00:14]} 34. h4 {[%emt 0:00:15]} Nge4 {[%emt 0:00:06]} 35.
fxe4 {[%emt 0:00:10]} fxe4 { [%emt 0:00:01]} 36. Bh3 {[%emt 0:00:15]} Ng4
{[%emt 0:00:14]} 37. Nxg4 { [%emt 0:00:15]} f5 {[%emt 0:00:02]} 38. Nxh6+
{[%emt 0:00:02]} 1-0

[Event "DSJ Weihnachtsturnier U16: Lasker 2020"]
[Site ""]
[Date "2020.12.28"]
[Round "6"]
[White "Hofmann, Benjamin"]
[Black "Nedilko, Marko"]
[Result "1-0"]
[Termination "normal"]
[Board "2.4"]
[WhiteElo "1489"]
[BlackElo "1407"]
[WhiteTeam "Schachgesellschaft Bochum 1931"]
[BlackTeam "SC ML Kastellaun"]
[PlyCount "84"]
[WhiteFideId "16270266"]
[BlackFideId "16266560"]
[EventRounds "7"]
[EventType "team-swiss"]
[EventDate "2020.12.28"]

1. e4 {[%emt 0:00:38]} g6 {[%emt 0:00:03]} 2. d4 { [%emt 0:00:05]} Bg7 {[%emt
0:00:02]} 3. c3 {[%emt 0:00:04]} c5 {[%emt 0:00:12]} 4. d5 {[%emt 0:00:03]} d6
{[%emt 0:00:03]} 5. c4 {[%emt 0:00:03]} e5 {[%emt 0:00:06]} 6. Nf3 {[%emt
0:00:02]} Nd7 {[%emt 0:00:06]} 7. Bg5 {[%emt 0:00:03]} Ne7 {[%emt 0:00:06]} 8.
Bd3 {[%emt 0:00:06]} h6 {[%emt 0:00:05]} 9. Bh4 { [%emt 0:00:04]} O-O {[%emt
0:00:14]} 10. O-O {[%emt 0:00:03]} f5 {[%emt 0:00:43]} 11. exf5 {[%emt
0:00:12]} g5 {[%emt 0:00:01]} 12. Bg3 {[%emt 0:00:05]} Nxf5 {[%emt 0:00:04]}
13. Bxf5 {[%emt 0:00:02]} Rf6 {[%emt 0:00:01]} 14. Bxd7 { [%emt 0:00:06]} Bxd7
{[%emt 0:00:02]} 15. Nc3 {[%emt 0:00:03]} Rf8 {[%emt 0:00:18]} 16. Ne4 {[%emt
0:00:05]} Bg4 {[%emt 0:00:08]} 17. Ned2 {[%emt 0:00:14]} Qd7 {[%emt 0:00:23]}
18. Qc2 {[%emt 0:00:16]} Rae8 {[%emt 0:00:09]} 19. Qe4 { [%emt 0:00:10]} Bf5
{[%emt 0:00:08]} 20. Qe3 {[%emt 0:00:09]} e4 {[%emt 0:00:08]} 21. Ne1 {[%emt
0:00:10]} Bd4 {[%emt 0:00:05]} 22. Qb3 {[%emt 0:00:08]} e3 {[%emt 0:00:17]} 23.
fxe3 {[%emt 0:00:24]} Bxe3+ {[%emt 0:00:04]} 24. Kh1 { [%emt 0:00:15]} Bxd2
{[%emt 0:00:05]} 25. Nf3 {[%emt 0:00:04]} Bb4 {[%emt 0:00:51]} 26. a3 {[%emt
0:00:12]} Ba5 {[%emt 0:00:25]} 27. h4 {[%emt 0:00:15]} gxh4 {[%emt 0:00:04]}
28. Nxh4 {[%emt 0:00:05]} Bd2 {[%emt 0:00:32]} 29. Rf2 { [%emt 0:00:16]} Re3
{[%emt 0:00:17]} 30. Qd1 {[%emt 0:00:29]} Rxg3 {[%emt 0:00:09]} 31. Qxd2 {[%emt
0:00:13]} Kh7 {[%emt 0:00:29]} 32. Raf1 {[%emt 0:00:07]} Rg5 {[%emt 0:00:04]}
33. Rf4 {[%emt 0:00:32]} Rh5 {[%emt 0:01:04]} 34. Kg1 { [%emt 0:00:15]} Qf7
{[%emt 0:00:36]} 35. Rxf5 {[%emt 0:00:27]} Rxf5 {[%emt 0:00:13]} 36. Rxf5
{[%emt 0:00:03]} Qe7 {[%emt 0:00:16]} 37. Rxf8 {[%emt 0:00:05] } Qxf8 {[%emt
0:00:10]} 38. Qd3+ {[%emt 0:00:02]} Kg8 {[%emt 0:00:07]} 39. Qg6+ {[%emt
0:00:09]} Kh8 {[%emt 0:00:05]} 40. Nf5 {[%emt 0:00:07]} b6 {[%emt 0:00:19]} 41.
Nxd6 {[%emt 0:00:04]} Qe7 {[%emt 0:00:07]} 42. Nf7+ {[%emt 0:00:05]} Qxf7
{[%emt 0:00:04] Kastell2-004 gibt auf} 1-0

[Event "DSJ Weihnachtsturnier U16: Lasker 2020"]
[Site ""]
[Date "2020.12.28"]
[Round "6"]
[White "Pahl, Erik"]
[Black "Koll, Linus"]
[Result "1-0"]
[Termination "normal"]
[Board "3.1"]
[WhiteElo "2110"]
[BlackElo "1963"]
[WhiteTeam "Delmenhorster SK V 1931"]
[BlackTeam "Karlsruher SF 1853"]
[PlyCount "63"]
[WhiteFideId "16201272"]
[BlackFideId "12990299"]
[EventRounds "7"]
[EventType "team-swiss"]
[EventDate "2020.12.28"]

1. e4 {[%emt 0:00:05]} c5 {[%emt 0:00:01]} 2. Nf3 {[%emt 0:00:03]} d6 {[%emt
0:00:01]} 3. d4 {[%emt 0:00:02]} cxd4 {[%emt 0:00:01]} 4. Nxd4 {[%emt 0:00:00]}
Nf6 {[%emt 0:00:01]} 5. Nc3 {[%emt 0:00:02]} g6 {[%emt 0:00:01]} 6. Be3 { [%emt
0:00:02]} Bg7 {[%emt 0:00:01]} 7. f3 {[%emt 0:00:01]} O-O {[%emt 0:00:01] } 8.
Qd2 {[%emt 0:00:00]} Nc6 {[%emt 0:00:03]} 9. Bc4 {[%emt 0:00:01]} Bd7 { [%emt
0:00:02]} 10. O-O-O {[%emt 0:00:01]} Rc8 {[%emt 0:00:01]} 11. Bb3 { [%emt
0:00:01]} Ne5 {[%emt 0:00:09]} 12. Kb1 {[%emt 0:00:02]} Nc4 {[%emt 0:00:02]}
13. Bxc4 {[%emt 0:00:02]} Rxc4 {[%emt 0:00:00]} 14. g4 {[%emt 0:00:01]} Qa5
{[%emt 0:00:26]} 15. Nb3 {[%emt 0:00:45]} Qc7 {[%emt 0:00:08]} 16. e5 { [%emt
0:00:07]} Ne8 {[%emt 0:00:14]} 17. Nd5 {[%emt 0:00:03]} Qd8 {[%emt 0:00:03]}
18. exd6 {[%emt 0:00:06]} Nxd6 {[%emt 0:00:04]} 19. Bg5 {[%emt 0:00:02]} f6
{[%emt 0:00:29]} 20. Bh6 {[%emt 0:00:11]} Bxh6 {[%emt 0:00:42]} 21. Qxh6 {
[%emt 0:00:03]} Bc6 {[%emt 0:00:01]} 22. h4 {[%emt 0:00:24]} Bxd5 {[%emt
0:00:33]} 23. Rxd5 {[%emt 0:00:03]} Qc7 {[%emt 0:00:40]} 24. Qd2 {[%emt
0:00:08]} Rc8 {[%emt 0:00:09]} 25. c3 {[%emt 0:00:03]} Nf7 {[%emt 0:00:24]} 26.
Rd7 { [%emt 0:00:14]} Qg3 {[%emt 0:00:42]} 27. Rxe7 {[%emt 0:00:33]} Qxf3
{[%emt 0:00:03]} 28. Rhe1 {[%emt 0:00:01]} Ne5 {[%emt 0:00:12]} 29. Nd4 {[%emt
0:00:35]} Qxg4 {[%emt 0:00:36]} 30. Qh6 {[%emt 0:00:47]} Nf7 {[%emt 0:00:55]}
31. Re8+ { [%emt 0:00:03]} Rxe8 {[%emt 0:00:03]} 32. Rxe8# {[%emt 0:00:00]} 1-0

[Event "DSJ Weihnachtsturnier U16: Lasker 2020"]
[Site ""]
[Date "2020.12.28"]
[Round "6"]
[White "Wang, Xinyuan"]
[Black "Pahl, Theis"]
[Result "1-0"]
[Termination "normal"]
[Board "3.2"]
[WhiteElo "1759"]
[BlackElo "2123"]
[WhiteTeam "Karlsruher SF 1853"]
[BlackTeam "Delmenhorster SK V 1931"]
[PlyCount "57"]
[WhiteFideId "16221494"]
[BlackFideId "16201264"]
[EventRounds "7"]
[EventType "team-swiss"]
[EventDate "2020.12.28"]

1. d4 {[%emt 0:00:03]} d5 {[%emt 0:00:06]} 2. c4 {[%emt 0:00:01]} c6 {[%emt
0:00:04]} 3. Nf3 {[%emt 0:00:02]} Nf6 {[%emt 0:00:09]} 4. Nc3 {[%emt 0:00:01]}
dxc4 {[%emt 0:00:03]} 5. Ne5 {[%emt 0:00:02]} Nbd7 {[%emt 0:00:36]} 6. Nxc4 {
[%emt 0:00:02]} b5 {[%emt 0:01:02]} 7. Nd2 {[%emt 0:00:04]} e5 {[%emt 0:00:39]}
8. dxe5 {[%emt 0:00:20]} Nxe5 {[%emt 0:00:06]} 9. g3 {[%emt 0:00:25]} Bc5 {
[%emt 0:00:16]} 10. Bg2 {[%emt 0:00:04]} Be6 {[%emt 0:00:20]} 11. O-O {[%emt
0:00:03]} O-O {[%emt 0:00:02]} 12. Nb3 {[%emt 0:00:15]} Bb6 {[%emt 0:00:10]}
13. Bf4 {[%emt 0:00:08]} Ng6 {[%emt 0:00:12]} 14. Bg5 {[%emt 0:00:04]} Qxd1 {
[%emt 0:00:14]} 15. Rfxd1 {[%emt 0:00:03]} Rac8 {[%emt 0:00:08]} 16. Bxf6 {
[%emt 0:00:22]} gxf6 {[%emt 0:00:02]} 17. Ne4 {[%emt 0:00:05]} Kg7 {[%emt
0:00:03]} 18. Nbc5 {[%emt 0:00:07]} Bd5 {[%emt 0:00:05]} 19. b4 {[%emt
0:00:16]} a5 {[%emt 0:00:19]} 20. a3 {[%emt 0:00:03]} Rcd8 {[%emt 0:00:12]} 21.
Rac1 { [%emt 0:00:09]} Ne5 {[%emt 0:00:13]} 22. Nb7 {[%emt 0:00:58]} Ra8 {[%emt
0:00:24]} 23. Nbd6 {[%emt 0:00:05]} axb4 {[%emt 0:00:16]} 24. axb4 {[%emt
0:00:12]} f5 {[%emt 0:00:28]} 25. Nxf5+ {[%emt 0:00:04]} Kg6 {[%emt 0:00:08]}
26. Ne7+ { [%emt 0:00:12]} Kg7 {[%emt 0:00:14]} 27. Nxd5 {[%emt 0:00:31]} cxd5
{[%emt 0:00:00]} 28. Rxd5 {[%emt 0:00:02]} Nc4 {[%emt 0:00:49]} 29. Rxb5 {[%emt
0:00:07] } 1-0

[Event "DSJ Weihnachtsturnier U16: Lasker 2020"]
[Site ""]
[Date "2020.12.28"]
[Round "6"]
[White "Alhamid, Mohamad"]
[Black "Hänselmann, Hendrik"]
[Result "0-1"]
[Termination "normal"]
[Board "3.3"]
[WhiteElo "1664"]
[BlackElo "1828"]
[WhiteTeam "Delmenhorster SK V 1931"]
[BlackTeam "Karlsruher SF 1853"]
[PlyCount "86"]
[WhiteFideId "16235665"]
[BlackFideId "16232755"]
[EventRounds "7"]
[EventType "team-swiss"]
[EventDate "2020.12.28"]

1. e4 {[%emt 0:00:14]} c5 {[%emt 0:00:02]} 2. Nf3 {[%emt 0:00:02]} e6 {[%emt
0:00:01]} 3. d4 {[%emt 0:00:01]} cxd4 {[%emt 0:00:01]} 4. Nxd4 {[%emt 0:00:00]}
Nf6 {[%emt 0:00:02]} 5. Nc3 {[%emt 0:00:03]} Nc6 {[%emt 0:00:02]} 6. Nxc6 {
[%emt 0:00:30]} bxc6 {[%emt 0:00:03]} 7. e5 {[%emt 0:00:02]} Nd5 {[%emt
0:00:01]} 8. Nxd5 {[%emt 0:00:02]} cxd5 {[%emt 0:00:02]} 9. Bd3 {[%emt
0:00:03]} d6 {[%emt 0:00:04]} 10. exd6 {[%emt 0:00:27]} Bxd6 {[%emt 0:00:18]}
11. O-O { [%emt 0:00:02]} O-O {[%emt 0:00:05]} 12. Qh5 {[%emt 0:00:47]} g6
{[%emt 0:00:09]} 13. Qe2 {[%emt 0:01:08]} Qc7 {[%emt 0:00:15]} 14. h3 {[%emt
0:00:11]} e5 { [%emt 0:00:07]} 15. f3 {[%emt 0:00:09]} Bb7 {[%emt 0:00:20]} 16.
Bd2 {[%emt 0:00:32]} Rac8 {[%emt 0:00:17]} 17. c3 {[%emt 0:00:23]} Rfe8 {[%emt
0:00:14]} 18. Bb5 {[%emt 0:01:24]} Re7 {[%emt 0:00:24]} 19. Kh1 {[%emt
0:00:38]} Bc6 { [%emt 0:00:36]} 20. Bxc6 {[%emt 0:00:06]} Qxc6 {[%emt 0:00:02]}
21. Rae1 { [%emt 0:00:05]} Rce8 {[%emt 0:00:32]} 22. Bg5 {[%emt 0:00:10]} Re6
{[%emt 0:00:05]} 23. Qd3 {[%emt 0:00:18]} f6 {[%emt 0:01:04]} 24. Bd2 {[%emt
0:00:11]} f5 { [%emt 0:00:11]} 25. Qe2 {[%emt 0:00:46]} e4 {[%emt 0:00:08]} 26.
fxe4 {[%emt 0:00:02]} dxe4 {[%emt 0:00:06]} 27. Be3 {[%emt 0:00:05]} Qc7 {[%emt
0:00:18]} 28. Qf2 {[%emt 0:00:13]} Bg3 {[%emt 0:00:12]} 29. Qd2 {[%emt
0:00:12]} Bxe1 { [%emt 0:00:04]} 30. Qxe1 {[%emt 0:00:01]} Rd8 {[%emt 0:00:17]}
31. Qf2 { [%emt 0:00:12]} Rd3 {[%emt 0:00:14]} 32. Bd4 {[%emt 0:00:15]} Qg3
{[%emt 0:00:17]} 33. Qxg3 {[%emt 0:00:24]} Rxg3 {[%emt 0:00:02]} 34. Kg1 {[%emt
0:00:05]} Rd3 {[%emt 0:00:20]} 35. Rb1 {[%emt 0:00:28]} Rd2 {[%emt 0:00:41]}
36. Kf1 { [%emt 0:00:28]} a6 {[%emt 0:00:07]} 37. a4 {[%emt 0:00:23]} f4 {[%emt
0:00:22]} 38. b4 {[%emt 0:00:05]} g5 {[%emt 0:00:09]} 39. a5 {[%emt 0:00:05]}
h5 { [%emt 0:00:11]} 40. Re1 {[%emt 0:00:01]} g4 {[%emt 0:00:10]} 41. hxg4
{[%emt 0:00:02]} hxg4 {[%emt 0:00:01]} 42. Re2 {[%emt 0:00:03]} Rd1+ {[%emt
0:00:04]} 43. Kf2 {[%emt 0:00:01]} g3# {[%emt 0:00:01]} 0-1